Llibre blanc del turisme a Catalunya / Àngel Miguelsanz i Arnalot, director tècnic
Publicado:
Barcelona :
Generalitat de Catalunya. Departament de la Presidència. Servei Central de Publicacions ,
1983
Descripción Física:
382 p. : amb map. ; 30 cm
Otros Autores:
Miguelsanz i Arnalot, Àngel, dir
Materias:
Turisme -- Catalunya
MARC
| LEADER | 00000nam a2200000Ia 4500 | ||
|---|---|---|---|
| 001 | 1311 | ||
| 008 | 160829s1983 xx 000 0 cat d | ||
| 080 | |a M-3-222 | ||
| 245 | |a Llibre blanc del turisme a Catalunya / Àngel Miguelsanz i Arnalot, director tècnic | ||
| 260 | |a Barcelona : |b Generalitat de Catalunya. Departament de la Presidència. Servei Central de Publicacions, |c 1983 | ||
| 300 | |a 382 p. : |b amb map. ; |c 30 cm | ||
| 650 | 0 | |a Turisme |z Catalunya |9 15688 | |
| 700 | |a Miguelsanz i Arnalot, Àngel, dir. |9 22447 | ||
| 901 | |a Arxiu | ||
| 942 | |n 1 | ||
| 952 | |0 0 |1 0 |4 0 |6 M3222 |7 1 |9 42226 |a Arxiu |b Arxiu |d 2016-12-01 |l 0 |o M-3-222 |p 1311 |r 2016-12-01 00:00:00 |w 2016-12-01 |y ARXIU | ||
| 999 | |c 44673 |d 44673 | ||